000 00609nam a2200217Ia 4500
003 OSt
005 20220926005428.0
006 a|||||r|||| 00| 0
007 ta
008 220923b |||||||| |||| 00| 0 eng d
037 _cGeneral Book
040 _aRTL
_cRTL
_beng
041 _2eng
_aeng
082 _aX:3m24xM18:g, M3
100 _aIVANOV Nikolai
_9310294
245 0 _aKarl Marx
_b A short biography.
260 _a New Delhi
_bSoviet Bhumi Pustika
_c1983
300 _a135p.
_ccm.
942 _hX:3m24xM18:g, M3
_cGB
_2CC
999 _c613822
_d613822